|
|
|
|
| LEADER |
01467nam a2200313 a 4500 |
| 001 |
1509 |
| 003 |
BD-DhAAL |
| 005 |
20150310100214.0 |
| 008 |
150310s1992 ilua 000 0 eng |
| 010 |
|
|
|a 92236924
|
| 020 |
|
|
|a 0256094136 (5.25" version)
|
| 020 |
|
|
|a 0256092761 (3.5" version)
|
| 040 |
|
|
|a DLC
|c DLC
|d BD-DhAAL
|
| 050 |
0 |
0 |
|a T56.24
|b .L67 1991
|
| 082 |
0 |
0 |
|a 658.4/03/02855369
|2 20
|
| 100 |
1 |
|
|a Lotfi, Vahid.
|9 9285
|
| 245 |
1 |
0 |
|a Decision support systems for management science/operations research /
|c Vahdi Lotfi, C. Carl Pegels.
|
| 250 |
|
|
|a 2nd ed.
|
| 260 |
|
|
|a Homewood, IL :
|b Irwin,
|c c1992.
|
| 300 |
|
|
|a vii, 399 p. :
|b ill. ;
|c 28 cm +
|e 2 computer disks (5 1/4 in.)
|
| 500 |
|
|
|a System requirements for computer disks: IBM PC or PS/2 or 100% compatible; 512K RAM; DOS 2.1 or higher; Quick Basic 3.0; at least one floppy disk drive; color monitor and hard disk recommended.
|
| 541 |
|
|
|e 1509
|
| 650 |
|
0 |
|a Management science
|x Data processing.
|9 9286
|
| 650 |
|
0 |
|a Decision support systems.
|9 9287
|
| 700 |
1 |
|
|a Pegels, C. Carl.
|9 9288
|
| 942 |
|
|
|2 ddc
|c BK
|
| 999 |
|
|
|c 33946
|d 33946
|
| 952 |
|
|
|0 0
|1 0
|2 ddc
|4 0
|6 658_403028553690000_LOT
|7 0
|9 52983
|a SCL
|b SCL
|c GEN
|d 2015-03-10
|e Gift: The Asia Foundation
|l 0
|o 658.40302855369 LOT
|p 3020001509
|r 2015-03-10
|t 1
|w 2015-03-10
|y BK
|
| 952 |
|
|
|0 0
|1 0
|2 ddc
|4 0
|6 658_403028553690000_LOT
|7 0
|9 53731
|a SCL
|b SCL
|c GEN
|d 2015-05-14
|e Gift: The Asia Foundation
|l 0
|o 658.40302855369 LOT
|p 3020001510
|r 2015-05-14
|t 2
|w 2015-05-14
|y BK
|